Developing reading versatility / (Record no. 52039)

MARC details
000 -LEADER
fixed length control field 00970cam a2200277 a 4500
001 - CONTROL NUMBER
control field 15889190
005 - DATE AND TIME OF LATEST TRANSACTION
control field 20180206093020.0
008 - FIXED-LENGTH DATA ELEMENTS--GENERAL INFORMATION
fixed length control field 090901s2010 maua b 001 0 eng
010 ## - LIBRARY OF CONGRESS CONTROL NUMBER
LC control number 2009936168
020 ## - INTERNATIONAL STANDARD BOOK NUMBER
International Standard Book Number 9780495901143
020 ## - INTERNATIONAL STANDARD BOOK NUMBER
International Standard Book Number 9780495901143 (annotated instructor's edition)
020 ## - INTERNATIONAL STANDARD BOOK NUMBER
International Standard Book Number 9780495898825 (international student edition)
040 ## - CATALOGING SOURCE
Original cataloging agency DLC
Transcribing agency DLC
050 00 - LIBRARY OF CONGRESS CALL NUMBER
Classification number LB2395.3
Item number .A33 2010
100 1# - MAIN ENTRY--PERSONAL NAME
Personal name Adams, W. Royce.
245 10 - TITLE STATEMENT
Title Developing reading versatility /
Statement of responsibility, etc W. Royce Adams.
250 ## - EDITION STATEMENT
Edition statement 11th ed.
260 ## - PUBLICATION, DISTRIBUTION, ETC. (IMPRINT)
Place of publication, distribution, etc Boston, MA :
Name of publisher, distributor, etc Wadsworth, Cengage Learning,
Date of publication, distribution, etc 2010.
300 ## - PHYSICAL DESCRIPTION
Extent xviii, 413 p. :
Other physical details ill. ;
Dimensions 28 cm.
504 ## - BIBLIOGRAPHY, ETC. NOTE
Bibliography, etc Includes bibliographical references and index.
650 #0 - SUBJECT ADDED ENTRY--TOPICAL TERM
Topical term or geographic name as entry element Reading (Higher education)
650 #0 - SUBJECT ADDED ENTRY--TOPICAL TERM
Topical term or geographic name as entry element Reading comprehension.
906 ## - LOCAL DATA ELEMENT F, LDF (RLIN)
a 7
b cbc
c orignew
d 2
e epcn
f 20
g y-gencatlg
942 ## - ADDED ENTRY ELEMENTS (KOHA)
Source of classification or shelving scheme Library of Congress Classification
Item type Book
Holdings
Withdrawn status Lost status Source of classification or shelving scheme Damaged status Not for loan Collection code Home library Current library Shelving location Date acquired Source of acquisition Total Checkouts Full call number Barcode Date last seen Date last borrowed Copy number Price effective from Koha item type
    Library of Congress Classification     Non-fiction Nairobi Campus Nairobi Campus General Circulation 06/02/2018 Donation-BFA 1 LB2395.3 .A33 2010 057429 20/06/2023 27/03/2023 1 06/02/2018 Book